Památník našeho děťátka /

Main Author: Fischerová-Kvěchová, Marie, 1894-1984
Language: Czech
Published: Praha : Ochrana matek a dětí, [1943]
Physical Description: [24 s.]
Book
Saved in:
LEADER 00579nam a2200169 a 4500
001 000574859
003 CZ BrMZK
005 20011016115556.0
008 010825s1943 xr f cze d
040 |a BOA001  |b cze 
100 1 |a Fischerová-Kvěchová, Marie,  |d 1894-1984  |7 jk01031311 
245 1 0 |a Památník našeho děťátka /  |c Marie Fischerová-Kvěchová. 
260 |a Praha :  |b Ochrana matek a dětí,  |c [1943] 
300 |a [24 s.] 
910 |a BOA001  |b PK-II-0016.924 
990 |a BK 
996 7 |b 3119693764  |c PK-II-0016.924  |l MZK  |r Sklad / do 1 hodiny  |n 1  |w 000574859  |u 000010  |a 1  |e BOA001  |j MZK50  |s A